Statistiche per Cultura Generale #9

Clicka qui per fare il quiz!

Statistiche generali

  • Questo quiz è stato fatto 186 volte
  • Il punteggio medio è 17 su 20

Statistiche sulle risposte

DomandeRisposte% Corretto
Quanti libri ci sono in una trilogia?3
99%
Aldo, Giovanni e ...Giacomo
99%
Il nome di BerlusconiSilvio
99%
Quanti secondi ci sono in 3 minuti?180
98%
Scrisse I Promessi SposiAlessandro Manzoni
98%
Simbolo del MagnesioMg
97%
La stella che indica il nord è nota come Stella ...Polare
96%
Era sede degli Dei greciOlimpo
94%
Vi si trova la mole antonellianaTorino
93%
Su una tastiera di computer standard, la lettera a destra della ZX
93%
Il nome inglese del calcio d'angoloCorner
88%
Nome della CuccariniLorella
87%
Le statuine di Natale lo realizzano (tipico di Napoli)Presepe
85%
Qual è la capitale della Slovacchia?Bratislava
72%
Roberto Mancini faceva coppia con lui nella SampdoriaGianluca Vialli
72%
Il detective belga di Agatha ChristieHercule Poirot
65%
Uccise il minotauroTeseo
63%
Come si chiamava il quinto Re di Roma?Tarquinio Prisco
61%
Vi ha sede il Parlamento EuropeoStrasburgo
57%
Città veneta famosa per la grappaBassano
51%

Distribuzione punteggi

Percentile per numero di risposta

Percentuale di utenti per punteggio

I tuoi punteggi nel tempo

Non hai fatto questo quiz